000 00621nam a22001577a 4500
003 NUST
038 _aNusrat Nadeem
082 _a200
100 _aSidra Til Muntaha,
_9133512
245 _aE-Brand Hate and E-Brand Cancellation of Online Dating Show: The Role of Ideological incompatibility, Symbolic Incongruity and Advertising Incongruity in a moderation of Moral Courage/
_cTil Muntaha, Sidra
264 _aIslamabad:
_bNBS NUST.
_c2025.
650 _aMS-Marketing
_9130980
700 _aSupervisor: Dr Muhammad Kashif
_9133501
856 _u http://10.250.8.41:8080/xmlui/handle/123456789/57432
942 _2ddc
_cSC
999 _c616470
_d616470